Catálogo - Centro de Recursos para el Aprendizaje y la Investigación

Volver al Sitio - CRAI Biblioteca
Vista normal Vista MARC
  • República Dominicana

Entrada Nombre geográfico

Número de registros utilizados en: 5

001 - NÚMERO DE CONTROL

  • campo de control: 193875

003 - IDENTIFICADOR DEL NÚMERO DE CONTROL

  • campo de control: DR-UNIBE

005 - FECHA Y HORA DE LA ÚLTIMA TRANSACCIÓN

  • campo de control: 20250403151056.0

008 - DATOS DE LONGITUD FIJA

  • campo de control de longitud fija: 250403|| aca||aabn | a|a d

040 ## - FUENTE DE LA CATALOGACIÓN

  • Centro catalogador/agencia de origen: DR-UNIBE
  • Centro/agencia transcriptor: DR-UNIBE

151 ## - ENCABEZAMIENTO--NOMBRE GEOGRÁFICO

  • Nombre geográfico: República Dominicana
  • Subdivisión general: Historia
  • Subdivisión cronológica: 1930-1961

670 ## - FUENTE DE DATOS ENCONTRADOS

  • Cita de la fuente: Work cat.: (DR-UNIBE)27341: Bonilla, Walter R. 39540 autor, Exilio y memoria en la era de Trujillo / , 2010